|
|
|
|
| LEADER |
00000nab a2200000 a 4500 |
| 001 |
vtls000768910 |
| 003 |
SK-MaSNL |
| 005 |
20260304133352.0 |
| 008 |
250429c2001 xo 0 slo |
| 015 |
|
|
|a SNBRB2001/09-27422
|
| 035 |
|
|
|a CLN000120697
|
| 035 |
|
|
|a urn:nbn:sk:snk-ab2du3
|
| 035 |
|
|
|a (urnnbn)urn:nbn:sk:snk:ar-a02809
|
| 035 |
|
|
|a (uuid)150c1e7c-37bf-4697-a842-8303c4df5df3
|
| 040 |
|
|
|a SNKBUCL
|b slo
|c SNKBUCL
|e AACR2
|
| 041 |
0 |
|
|a slo
|
| 044 |
|
|
|a xo
|c SK
|
| 080 |
|
|
|a 519.816
|2 1997
|
| 100 |
1 |
|
|a Terek, Milan,
|d 1953-
|4 aut
|9 174537
|
| 245 |
1 |
0 |
|a Diagramy vplyvu a analýza rozhodovania
|c Milan Terek
|
| 300 |
|
|
|b Sch.
|
| 504 |
|
|
|a Bibliogr. odkazy
|
| 504 |
|
|
|a Res. angl.
|
| 650 |
0 |
7 |
|a rozhodovanie
|x stromy rozhodovania
|x diagramy vplyvu
|2 snkbucl
|9 1450333
|
| 655 |
|
7 |
|a články z novín a časopisov
|2 snkbucl
|9 267496
|
| 773 |
0 |
|
|t Ekonomické rozhľady
|g Roč. 30, č. 3 (2001), s. 267-279
|x 0323-262X
|
| 850 |
|
|
|a Slovenská národná knižnica
|
| 852 |
|
|
|a Slovenská národná knižnica
|
| 954 |
|
|
|a odborná, vedecká literatúra pôvodná (slovenská)
|2 lita
|
| 958 |
|
|
|a article27
|
| 958 |
|
|
|a NB
|
| 958 |
|
|
|a OND
|
| 958 |
|
|
|a EUIPO
|
| 992 |
|
|
|a RBX
|
| 999 |
|
|
|c 2901092
|d 2903022
|